| 000 | 04309nam a22005895i 4500 | ||
|---|---|---|---|
| 001 | 978-3-319-63239-1 | ||
| 003 | DE-He213 | ||
| 005 | 20210118135611.0 | ||
| 007 | cr nn 008mamaa | ||
| 008 | 170802s2017 gw | s |||| 0|eng d | ||
| 020 |
_a9783319632391 _9978-3-319-63239-1 |
||
| 024 | 7 |
_a10.1007/978-3-319-63239-1 _2doi |
|
| 050 | 4 | _aPE1-3729 | |
| 072 | 7 |
_aCB _2bicssc |
|
| 072 | 7 |
_aLAN000000 _2bisacsh |
|
| 072 | 7 |
_aCB _x2ACB _2thema |
|
| 082 | 0 | 4 |
_a420 _223 |
| 100 | 1 |
_aBlaj-Ward, Lia. _eauthor. _4aut _4http://id.loc.gov/vocabulary/relators/aut |
|
| 245 | 1 | 0 |
_aLanguage Learning and Use in English-Medium Higher Education _h[electronic resource] / _cby Lia Blaj-Ward. |
| 250 | _a1st ed. 2017. | ||
| 264 | 1 |
_aCham : _bSpringer International Publishing : _bImprint: Palgrave Macmillan, _c2017. |
|
| 300 |
_aX, 145 p. _bonline resource. |
||
| 336 |
_atext _btxt _2rdacontent |
||
| 337 |
_acomputer _bc _2rdamedia |
||
| 338 |
_aonline resource _bcr _2rdacarrier |
||
| 347 |
_atext file _bPDF _2rda |
||
| 505 | 0 | _aChapter 1. Introduction -- Chapter 2. Language learner histories: Points of departure for university study -- Chapter 3. Words, words, words -- Chapter 4. Spoken English on the EMI campus -- Chapter 5. Reading practices in academic settings -- Chapter 6. Parameters of English language development provision in EMI -- Chapter 7. Conclusion. | |
| 520 | _aThis book critically refines and adds depth to current understandings and practices in EAP (English for Academic Purposes) and EMI (English-Medium Instruction), using empirical research examining the experiences of English language learning and use of undergraduate and postgraduate international students in the UK. The author illuminates the language learning that takes place in and around English-medium higher education settings, both formally and informally, with a specific focus on courses with a creative or professional practice orientation. Drawing on theoretical insights from socio-cultural Second Language Acquisition, this volume capitalises on the synergies between applied linguistics and higher education research to paint a richer picture of the interactions facilitating student growth as confident and competent communicators in globalised academic and professional settings. Considering the broader implications of language development initiatives, this volume will be of interest to students and scholars of applied linguistics, English as a Second Language and second language acquisition. Lia Blaj-Ward is Senior Lecturer at Nottingham Trent University, where she coordinates in-sessional EAP provision for courses with an art, design or built environment focus. She is the author of Researching Contexts, Practices and Pedagogies in English for Academic Purposes (Palgrave Macmillan, 2014). | ||
| 650 | 0 | _aEnglish language. | |
| 650 | 0 | _aDiscourse analysis. | |
| 650 | 0 | _aLanguage and education. | |
| 650 | 0 | _aMultilingualism. | |
| 650 | 1 | 4 |
_aEnglish. _0http://scigraph.springernature.com/things/product-market-codes/N49000 |
| 650 | 2 | 4 |
_aDiscourse Analysis. _0http://scigraph.springernature.com/things/product-market-codes/N51000 |
| 650 | 2 | 4 |
_aLanguage Education. _0http://scigraph.springernature.com/things/product-market-codes/O23000 |
| 650 | 2 | 4 |
_aMultilingualism. _0http://scigraph.springernature.com/things/product-market-codes/N55000 |
| 710 | 2 | _aSpringerLink (Online service) | |
| 773 | 0 | _tSpringer eBooks | |
| 776 | 0 | 8 |
_iPrinted edition: _z9783319632384 |
| 776 | 0 | 8 |
_iPrinted edition: _z9783319632407 |
| 776 | 0 | 8 |
_iPrinted edition: _z9783319875057 |
| 856 | 4 | 0 | _uhttps://doi.org/10.1007/978-3-319-63239-1 |
| 912 | _aZDB-2-SLS | ||
| 999 |
_c449367 _d449367 |
||
| 942 | _cEB | ||
| 506 | _aAvailable to subscribing member institutions only. Доступно лише організаціям членам підписки. | ||
| 506 | _fOnline access from local network of NaUOA. | ||
| 506 | _fOnline access with authorization at https://link.springer.com/ | ||
| 506 | _fОнлайн-доступ з локальної мережі НаУОА. | ||
| 506 | _fОнлайн доступ з авторизацією на https://link.springer.com/ | ||